[Event "Sandefjord GP Group-A"]
[Site "Sandefjord"]
[Date "2006.10.13"]
[Round "1"]
[White "Tallaksen, Levi Andre"]
[Black "Larsen, Tor Kristian"]
[Result "1/2-1/2"]
[WhiteElo "1724"]
[BlackElo "2007"]
[PlyCount "119"]
[EventDate "2006.10.13"]
[EventType "swiss"]
[EventRounds "5"]
[EventCountry "NOR"]
[SourceTitle "EXT 2009"]
[Source "ChessBase"]
[SourceDate "2008.11.26"]
[SourceVersion "1"]
[SourceVersionDate "2008.11.26"]
[SourceQuality "1"]

1. d4 Nf6 2. c4 e6 3. Nf3 b6 4. a3 Ba6 5. Qc2 d5 6. e3 Be7 7. Nbd2 0-0 8. Bd3 c5 9. dxc5 bxc5 10. 0-0 Nbd7 11. cxd5 Bxd3 12. Qxd3 exd5 13. b3 Rb8 14. Rb1 Qc7 15. Bb2 Rfe8 16. Rfd1 Rb6 17. Rbc1 Qb8 18. Ba1 Bd6 19. h3 Bf8 20. Rc2 Qb7 21. Rc3 Rb8 22. Qc2 Qa6 23. Qa2 Qb7 24. Rd3 Rd8 25. Rc3 Rb8 26. Rd3 h6 27. Ne5 Nxe5 28. Bxe5 Re8 29. Nf3 Ree6 30. Qc2 Ra6 31. a4 Rab6 32. Bxf6 Rxf6 33. Rxd5 Rxb3 34. Rd7 Qb4 35. Rxa7 Rb2 36. Qc1 Ra2 37. Rd8 Rxa4 38. Rxa4 Qxa4 39. Qxc5 Qd1+ 40. Rxd1 Bxc5 41. Ne5 Bb6 42. Nd7 Re6 43. Nxb6 Rxb6 44. g4 h5 45. gxh5 Rb5 46. h6 g6 47. Rd7 Rh5 48. Kg2 Rxh6 49. Rd5 Kg7 50. Kg3 Rh8 51. h4 Ra8 52. h5 gxh5 53. Rxh5 Kf6 54. Rb5 Ra4 55. f3 Ke6 56. e4 Ke7 57. Kf4 Ra6 58. Rb7+ Ke6 59. Rb5 Rc6 60. Ra5 1/2-1/2

[Event "NOR-chB"]
[Site "Moss"]
[Date "2006.07.15"]
[Round "9"]
[White "Larsen, Tor Kristian"]
[Black "Lillevold, Frode"]
[Result "1-0"]
[WhiteElo "1935"]
[BlackElo "2000"]
[PlyCount "59"]
[EventDate "2006.07.08"]
[EventType "swiss"]
[EventRounds "9"]
[EventCountry "NOR"]
[SourceTitle "EXT 2007"]
[Source "ChessBase"]
[SourceDate "2006.11.23"]
[SourceVersion "1"]
[SourceVersionDate "2006.11.23"]
[SourceQuality "1"]

1. Nf3 d5 2. d4 Nf6 3. c4 e6 4. Nc3 Be7 5. Bg5 0-0 6. e3 Nbd7 7. Rc1 c6 8. Bd3 dxc4 9. Bxc4 Nd5 10. Bxe7 Qxe7 11. 0-0 Nxc3 12. Rxc3 e5 13. Qb1 exd4 14. exd4 Nb6 15. Bb3 Qd6 16. Rc5 Bg4 17. Ng5 g6 18. Qe4 Qd7 19. h3 Bf5 20. Qh4 h5 21. g4 Qxd4 22. Rxf5 gxf5 23. Qxh5 Qg7 24. gxf5 Nd5 25. Bxd5 cxd5 26. Kh1 Qh8 27. Qf3 Qh6 28. Rg1 Kh8 29. Qf4 Qh5 30. Rg4 1-0

[Event "Sotra Hostturneringen"]
[Site "Sotra"]
[Date "2005.11.10"]
[Round "8"]
[White "Larsen, Tor Kristian"]
[Black "Blom, Geir"]
[Result "1-0"]
[WhiteElo "1955"]
[BlackElo "1251"]
[PlyCount "71"]
[EventDate "2005.08.25"]
[EventType "swiss"]
[EventRounds "9"]
[EventCountry "NOR"]
[SourceTitle "EXT 2007"]
[Source "ChessBase"]
[SourceDate "2006.11.23"]
[SourceVersion "1"]
[SourceVersionDate "2006.11.23"]
[SourceQuality "1"]

1. e4 c5 2. a3 b6 3. Nc3 Bb7 4. Nf3 e6 5. d4 cxd4 6. Nxd4 a6 7. Be3 Nc6 8. Nxc6 Bxc6 9. Bd3 Qc7 10. 0-0 Nf6 11. Qe2 Qb7 12. Rad1 Be7 13. Bd4 0-0 14. f4 Rfd8 15. e5 Nd5 16. Ne4 Kh8 17. Rf3 h6 18. c4 Nc7 19. Rh3 Ne8 20. Qe3 Rab8 21. f5 Bf8 22. f6 Bxe4 23. Bxe4 Qc7 24. fxg7+ Bxg7 25. Rxh6+ Kg8 26. Bd3 Kf8 27. Rf1 d5 28. c5 Rbc8 29. cxb6 Qc6 30. b4 Rd7 31. Bc5+ Nd6 32. Bxd6+ Rxd6 33. exd6 Qxd6 34. Rxe6 d4 35. Qe4 Rd8 36. Rxd6 1-0

[Event "Sotra Hostturneringen"]
[Site "Sotra"]
[Date "2005.10.27"]
[Round "7"]
[White "Larsen, Tor Kristian"]
[Black "Mjoes, Knut"]
[Result "1-0"]
[WhiteElo "1955"]
[BlackElo "1041"]
[PlyCount "47"]
[EventDate "2005.08.25"]
[EventType "swiss"]
[EventRounds "9"]
[EventCountry "NOR"]
[SourceTitle "EXT 2007"]
[Source "ChessBase"]
[SourceDate "2006.11.23"]
[SourceVersion "1"]
[SourceVersionDate "2006.11.23"]
[SourceQuality "1"]

1. Nf3 d5 2. d4 Nf6 3. c4 dxc4 4. Nc3 e6 5. Bg5 Be7 6. e3 Nbd7 7. Bxc4 0-0 8. 0-0 a6 9. a4 a5 10. Rc1 Nb6 11. Bd3 Nfd5 12. Bxe7 Nxe7 13. Ne4 h6 14. Nc5 Nd7 15. Bb1 Nf6 16. Qc2 b6 17. Ne4 Ned5 18. Nxf6+ Nxf6 19. Qxc7 Qxc7 20. Rxc7 Ba6 21. Re1 Nd5 22. Rcc1 Nb4 23. Ne5 Rab8 24. Nd7 1-0

[Event "Bergen op"]
[Site "Bergen"]
[Date "2005.02.13"]
[Round "3"]
[White "Larsen, Tor Kristian"]
[Black "Iversen, Anders Gustad"]
[Result "1/2-1/2"]
[WhiteElo "1996"]
[BlackElo "1586"]
[PlyCount "104"]
[EventDate "2005.01.15"]
[EventType "swiss"]
[EventRounds "5"]
[EventCountry "NOR"]
[SourceTitle "EXT 2008"]
[Source "ChessBase"]
[SourceDate "2007.11.25"]
[SourceVersion "1"]
[SourceVersionDate "2007.11.25"]
[SourceQuality "1"]

1. Nf3 Nf6 2. c4 e6 3. Nc3 b6 4. g3 Bb7 5. Bg2 Be7 6. 0-0 0-0 7. Re1 d5 8. cxd5 exd5 9. d4 Re8 10. Bg5 Nbd7 11. Rc1 Nf8 12. e3 Ne6 13. Bxf6 Bxf6 14. b4 c5 15. bxc5 bxc5 16. dxc5 Nxc5 17. Nb5 Ne6 18. Qa4 a6 19. Nbd4 Rc8 20. Rxc8 Qxc8 21. Bh3 Re7 22. Rb1 Qc4 23. Rb4 Qc1+ 24. Kg2 Nc5 25. Qa5 g6 26. Qb6 Kg7 27. Rb1 Qa3 28. Rd1 Ne4 29. Qb3 Qxb3 30. axb3 Rc7 31. Kg1 Rc3 32. Bf1 Nc5 33. Rb1 Nd3 34. b4 Bxd4 35. Nxd4 Ne5 36. Kg2 Nc4 37. Rd1 Kf6 38. Rd3 Rc1 39. Be2 Ke5 40. Bf3 Rb1 41. Nb3 Bc6 42. h4 Kd6 43. Nd4 Ne5 44. Rc3 Rxb4 45. Be2 Nc4 46. Nxc6 Kxc6 47. e4 Kc5 48. exd5 Kxd5 49. Rd3+ Kc6 50. Rd4 Kc5 51. Rd7 Ne5 52. Ra7 Ra4 1/2-1/2

[Event "Dresden ZMD op"]
[Site "Dresden"]
[Date "2004.07.22"]
[Round "8"]
[White "Larsen, Tor Kristian"]
[Black "Broszeit, Peter"]
[Result "1-0"]
[WhiteElo "2019"]
[BlackElo "2130"]
[PlyCount "43"]
[EventDate "2004.07.15"]
[EventType "tourn"]
[EventRounds "9"]
[EventCountry "GER"]
[SourceTitle "EXT 2006"]
[Source "ChessBase"]
[SourceDate "2005.11.24"]
[SourceVersion "1"]
[SourceVersionDate "2005.11.24"]
[SourceQuality "1"]

1. Nf3 d5 2. d4 e6 3. c4 c5 4. cxd5 exd5 5. Nc3 Nc6 6. g3 c4 7. Bg2 Bb4 8. 0-0 Nge7 9. e4 dxe4 10. Nxe4 0-0 11. Qa4 a6 12. h3 b5 13. Qc2 Ba5 14. Rd1 Bf5 15. d5 Nxd5 16. Nh4 Be6 17. Ng5 g6 18. Nxg6 hxg6 19. Nxe6 Qf6 20. Nxf8 Nd4 21. Qe4 Bb6 22. Nd7 1-0

[Event "Dresden ZMD op"]
[Site "Dresden"]
[Date "2004.07.19"]
[Round "5"]
[White "Weidel, Albrecht"]
[Black "Larsen, Tor Kristian"]
[Result "1-0"]
[WhiteElo "2206"]
[BlackElo "2019"]
[PlyCount "120"]
[EventDate "2004.07.15"]
[EventType "tourn"]
[EventRounds "9"]
[EventCountry "GER"]
[SourceTitle "EXT 2006"]
[Source "ChessBase"]
[SourceDate "2005.11.24"]
[SourceVersion "1"]
[SourceVersionDate "2005.11.24"]
[SourceQuality "1"]

1. d4 Nf6 2. c4 c5 3. d5 b5 4. cxb5 a6 5. e3 Qa5+ 6. Nc3 axb5 7. Bxb5 Na6 8. Nf3 Nc7 9. Bc4 Ba6 10. Bxa6 Qxa6 11. e4 d6 12. Qe2 g6 13. Qxa6 Nxa6 14. Bf4 Nb4 15. Kd2 c4 16. Be3 Ng4 17. b3 Nxe3 18. fxe3 Bg7 19. Nd4 cxb3 20. axb3 Kd7 21. Ra4 Rxa4 22. bxa4 Rc8 23. Ra1 Rc4 24. Nce2 Na6 25. a5 Nc5 26. a6 Nb3+ 27. Kd3 Rc8 28. Nxb3 Bxa1 29. Nxa1 Ra8 30. Nb3 f6 31. Ned4 Rxa6 32. Ne6 Ra2 33. Nd2 Ra3+ 34. Ke2 Ra8 35. Kf3 Ra1 36. Nb3 Rf1+ 37. Ke2 Rb1 38. Nbd4 Ke8 39. Kf2 Ra1 40. h4 h5 41. Nc6 Rh1 42. g3 Rh2+ 43. Kf3 Kf7 44. Ncd4 Rh1 45. Nf4 Rf1+ 46. Ke2 Rg1 47. Kf2 Rh1 48. Nc6 Rh2+ 49. Kf3 g5 50. Nxh5 gxh4 51. gxh4 Rxh4 52. Ng3 Rh7 53. Nf5 Ke8 54. Ke2 Kd7 55. Kd3 e6 56. Nfd4 exd5 57. exd5 Rh5 58. Nb4 Re5 59. e4 Rh5 60. Nbc2 Rh3+ 1-0